Современное состояние производства серной кислоты в США: по материалам заграничной командировки комиссии В. В. Добровольского

Sonraí bibleagrafaíochta
Rannpháirtithe: Лукьянов П. М. (редактор)
Teanga:Rúisis
Foilsithe / Cruthaithe: Москва, Гипромхим, 1937
Ábhair:
Formáid: MixedMaterials LEABHAR
KOHA link:https://koha.lib.tpu.ru/cgi-bin/koha/opac-detail.pl?biblionumber=119664

MARC

LEADER 00000nam0a2200000 4500
001 119664
005 20231031124705.0
035 |a (RuTPU)RU\TPU\book\129529 
090 |a 119664 
100 |a 20070726d1937 m y0rusy50 ca 
101 0 |a rus 
102 |a RU 
105 |a a z 000zy 
200 1 |a Современное состояние производства серной кислоты в США  |e по материалам заграничной командировки комиссии В. В. Добровольского  |f под ред. П. М. Лукьянов 
210 |a Москва  |c Гипромхим  |d 1937 
215 |a 127 с.  |c ил. 
610 1 |a серная кислота 
610 1 |a производство 
610 1 |a США 
610 1 |a сера 
610 1 |a получение 
610 1 |a заводы 
675 |a 661.2  |v 3 
702 1 |a Лукьянов  |b П. М.  |4 340 
801 1 |a RU  |b 63413507  |c 20070726  |g PSBO 
801 2 |a RU  |b 63413507  |c 20080424  |g PSBO 
942 |c BK